000 00610nam a2200193 a 4500
001 000025330
005 20240502094959.0
008 101216s1992 cu r 000 | spa d
020 _a2855662036
040 _aDO-SdBNP
_bspa
_cBNPHU
082 _axxx
_bC355e
100 1 _aCastro, Fidel
_d 1926-2016
_916971
245 1 0 _aEcología y desarrollo :
_bselección temática : 1963-1992 /
_cFidel Castro; edición Nora Madan y Blanca Zabala.
260 _aLa Habana :
_bPolítica,
_c1992.
300 _a116 p. ;
_c19 cm.
700 1 _aNora Madan
_eed.
_935481
700 1 _aBlanca Zabala
_eed.
_951879
049 _aBNGR
999 _c24822
_d24822